| 000 | 00444nam a2200157 i 4500 | ||
|---|---|---|---|
| 001 | 74979 | ||
| 003 | ES-MaACL | ||
| 005 | 20230906172315.0 | ||
| 007 | t| | ||
| 008 | 040921s1971 sp ||||1| spa d | ||
| 100 | 1 |
_aGor'kiï, Maksim. _959128 |
|
| 245 | 1 | 4 |
_aLos ex hombres / _cMáximo Gorki (seud.). |
| 260 |
_a[Algorta (Vizcaya) : _bZero ; _aMadrid : _bColor], _c[1971] |
||
| 300 |
_a134 p. ; _c17 cm. |
||
| 852 |
_aES-MaACL _jC-40843 _bR.76645 |
||
| 999 |
_c74979 _d74979 |
||